书目信息 |
| 题名: |
JAVA2语言命令详解
|
|
| 作者: | 希尔特 著 | |
| 分册: | ||
| 出版信息: | 北京 电子工业出版社 2001.03 |
|
| 页数: | 305页 | |
| 开本: | 26cm | |
| 丛书名: | ||
| 单 册: | ||
| 中图分类: | TP312JA | |
| 科图分类: | ||
| 主题词: | 软件 | |
| 电子资源: | ||
| ISBN: | 7-5053-6517-7 | |
| 000 | 00557nam0 2200193 45 | |
| 001 | 0459371890 | |
| 005 | 2004092116293116 | |
| 010 | @a7-5053-6517-7@dCNY 29.00 | |
| 100 | @a20040921d2001 km y0chiy0120 ea | |
| 101 | 0 | @achi |
| 102 | @aCN@b110000 | |
| 200 | 1 | @aJAVA2语言命令详解@AJAVA2 Yu Yan Ming Ling Xiang Jie@f(美)希尔特著@F(Mei)Xi Er Te Zhu |
| 210 | @a北京@c电子工业出版社@d2001.03 | |
| 215 | @a305页@d26cm | |
| 606 | 0 | @a软件 |
| 690 | @aTP312JA@v4 | |
| 701 | 0 | @a希尔特@AXi Er Te@4著 |
| 801 | 0 | @aCN@bPFT@c20040921 |
| 905 | @a平顶山工学院@dTP312JA@eX119 | |
| JAVA2语言命令详解/(美)希尔特著.-北京:电子工业出版社,2001.03 |
| 305页;26cm |
| ISBN 7-5053-6517-7:CNY 29.00 |
| ● |
| 相关链接 |
|
|
|
正题名:JAVA2语言命令详解
索取号:TP312JA/X119
 
预约/预借
| 序号 | 登录号 | 条形码 | 馆藏地/架位号 | 状态 | 备注 |
| 1 | 395219 | 203952197 | 自科库301/301自科库 85排1列3层/ [索取号:TP312JA/X119] | 在馆 | |
| 2 | 395220 | 203952204 | 期刊室512/301自科库 85排1列3层/ [索取号:TP312JA/X119] | 在馆 | |
| 3 | 395221 | 203952213 | 自科二线404/301自科库 79排2列5层/ [索取号:TP312JA/X119] | 在馆 |